000 00670nam a2200217 a 4500
999 _c5877
_d5877
001 5877
003 BD-JhCC
005 20200412134008.0
008 171228s20122014bg |||| || | 000 0 ben d
035 _a(BD-JhCC)5877
040 _aBD-JhCC
_dBD-JhCC
041 _aben
082 _a891.443
_bGAN 2014
100 _aগঙ্গোপাধ্যায়, সুনীল
245 _aপূর্ব - পশ্চিম /
_cসুনীল গঙ্গোপাধ্যায়,
260 _aঢাকা :
_bআনন্দ প্রকাশনী,
_c2014.
300 _a987 p. :
_c24 cm.
650 _aBengali Novel
942 _2ddc
_cBK
_05